000 00682nam a2200181 a 4500
001 000015882
005 20200929164204.0
008 100222s1968 dr 001 0 spa d
040 _aDO-SdBNP
_bspa
_cBNPHU
082 _axxxx
_bR426p
110 1 _aRepública Dominicana
_bSecretaría Técnica de la Presidencia
_935755
245 1 0 _aPlataforma para el desarrollo económico y social de la República Dominicana 1968-1985 /
_cprólogo Julio C. Estrella.
260 _aSanto Domingo :
_bOficina Nacional de Planificación,
_c1968.
300 _a605 p. :
_bil., map. ;
_c30 cm.
500 _aIncluye notas al pie de las páginas
700 1 _aEstrella, Julio C.
_932040
049 _aBNPD
999 _c15424
_d15424